Minerals planning and policy Wales (Record no. 101351)

MARC details
000 -LEADER
fixed length control field 00798cam a2200241 4500
008 - FIXED-LENGTH DATA ELEMENTS--GENERAL INFORMATION
fixed length control field 000000n2000 000 0 eng u
020 ## - INTERNATIONAL STANDARD BOOK NUMBER
International Standard Book Number 0750425946
035 ## - SYSTEM CONTROL NUMBER
System control number (Sirsi) u112043
050 ## - LIBRARY OF CONGRESS CALL NUMBER
Classification number 711.109429
110 ## - MAIN ENTRY--CORPORATE NAME
Corporate name or jurisdiction name as entry element NAFW
9 (RLIN) 3812
245 ## - TITLE STATEMENT
Title Minerals planning and policy Wales
260 ## - PUBLICATION, DISTRIBUTION, ETC.
Place of publication, distribution, etc. Cardiff
Name of publisher, distributor, etc. National Assembly for Wales
Date of publication, distribution, etc. 2000
300 ## - PHYSICAL DESCRIPTION
Extent 36, 36p. ; 30cm.
520 ## - SUMMARY, ETC.
Summary, etc. Text in English and Welsh. Also avilable on the Assembly website http://www.wales.gov.uk/subiplanning/content/minerals/minerals-planpol-e.htm
650 ## - SUBJECT ADDED ENTRY--TOPICAL TERM
Topical term or geographic name entry element PLANNING
650 ## - SUBJECT ADDED ENTRY--TOPICAL TERM
Topical term or geographic name entry element WALES
650 ## - SUBJECT ADDED ENTRY--TOPICAL TERM
Topical term or geographic name entry element MINERALS
650 ## - SUBJECT ADDED ENTRY--TOPICAL TERM
Topical term or geographic name entry element MINERALS PLANNING
650 ## - SUBJECT ADDED ENTRY--TOPICAL TERM
Topical term or geographic name entry element MPG
690 ## - LOCAL SUBJECT ADDED ENTRY--TOPICAL TERM (OCLC, RLIN)
Topical term or geographic name as entry element MINERALS AND MINING
856 ## - ELECTRONIC LOCATION AND ACCESS
Uniform Resource Identifier <a href="https://www.wales.gov.uk/subiplanning/content/minerals/minerals-planpol-e.htm">https://www.wales.gov.uk/subiplanning/content/minerals/minerals-planpol-e.htm</a>
942 ## - ADDED ENTRY ELEMENTS (KOHA)
Suppress in OPAC 0
Holdings
Withdrawn status Lost status Source of classification or shelving scheme Damaged status Not for loan Home library Current library Shelving location Date acquired Total Checkouts Full call number Barcode Date last seen Copy number Price effective from Koha item type
    Dewey Decimal Classification     London London Folio 18/04/2001   F711.109429 NAT 30064067 06/08/2019 1 06/08/2019 Book